The hero game

Bibliographic Details
Main Author: Johnson,Pete
Format: Book
Published: London : Puffin Books , 2005
Subjects:

MARC

LEADER 00000cam a2200000 7i4500
001 0000007858
005 20160330.0
008 070907
020 |a 0141318171 
090 0 0 |a JOH   |b ENG (7922) 
100 1 |a Johnson,Pete 
245 1 4 |a The hero game   |c Pete Johnson 
260 |a London :   |b Puffin Books ,   |c 2005 
500 |a Teenager ages 13-18 years old (blue) 
650 0 |a Teenagers   |x English   |x Languages 
999 |a 0000991627   |b Book   |c Teenagers   |e Perbadanan Perpustakaan Awam Johor 
999 |a 0000991628   |b Book   |c Teenagers   |e Perbadanan Perpustakaan Awam Johor